书目信息 |
| 题名: |
中国古代化学
|
|
| 作者: | 赵匡华 著 | |
| 分册: | ||
| 出版信息: | 北京 商务印书馆 1996.12 |
|
| 页数: | 210页 | |
| 开本: | 32开 | |
| 丛书名: | ||
| 单 册: | ||
| 中图分类: | O6-092 | |
| 科图分类: | ||
| 主题词: | 化学--理论 , 化学--方法 | |
| 电子资源: | ||
| ISBN: | 7-100-02090-5 | |
| 000 | 00566nam0 2200205 45 | |
| 001 | 0009182145 | |
| 005 | 20000918211304.9 | |
| 010 | @a7-100-02090-5@d14.30元 | |
| 100 | @a20000918d1996 km y0chiy0120 ea | |
| 101 | 0 | @achi |
| 105 | @a z 000yy | |
| 200 | 1 | @a中国古代化学@AZhong Guo Gu Dai Hua Xue@f赵匡华 著@FZhao Kuang Hua Zhu |
| 210 | @a北京@c商务印书馆@d1996.12 | |
| 215 | @a210页@d32开 | |
| 606 | 0 | @a化学@x理论 |
| 606 | 0 | @a化学@x方法 |
| 690 | @aO6-092@v3 | |
| 701 | 0 | @a赵匡华@4著 |
| 801 | @aCN@bPftUser@c20000918 | |
| 905 | @b148058-062@dO6-092@eZH322@f5 | |
| 中国古代化学/赵匡华 著.-北京:商务印书馆,1996.12 |
| 210页;32开 |
| ISBN 7-100-02090-5:14.30元 |
| ● |
| 相关链接 |
|
|
|
正题名:中国古代化学
索取号:O6-092/ZH322
 
预约/预借
| 序号 | 登录号 | 条形码 | 馆藏地/架位号 | 状态 | 备注 |
| 1 | 148058 | 201480584 | 自科库401/401自科库 60排5列1层/ [索取号:O6-092/ZH322] | 在馆 | |
| 2 | 148059 | 201480593 | 自科库401/401自科库 60排5列1层/ [索取号:O6-092/ZH322] | 在馆 | |
| 3 | 148060 | 201480600 | 自科二线504/504自科库 50排2列1层/ [索取号:O6-092/ZH322] | 在馆 | |
| 4 | 148061 | 201480619 | 自科库401/401自科库 60排5列1层/ [索取号:O6-092/ZH322] | 在馆 | |
| 5 | 148062 | 201480628 | 自科二线504/401自科库 60排4列3层/ [索取号:O6-092/ZH322] | 在馆 |